000 00548nam a2200181Ia 4500
008 100921s9999 xx 000 0 und d
082 _b12699
_a891.463 थ 77
100 _aजाईल ना.ज.
245 _aमातीचे पाय.
260 _bमंदार प्रकाशन,पनवेल.
_c1977
300 _a136
_b---
365 _b9
520 _aललित-कथा.
630 _aमातीचे पाय.
650 _aललित-कथा.
730 _aमातीचे पाय.
942 _cBOOK
999 _c761812
_d761809